ASR dopravných činností pre 16-bitové osobné počítače.

Riešenie dopravných činností v systéme ASR v SMZ Hačava. Charakteristika riešenia a popis riešenia programového vybavenia. Štruktúra dopravných činností podniku. Popis riešenia technického vybavenia. Príklad programu železničnej dopravy v PC MUMPS.

Guardado en:
Detalles Bibliográficos
Autor principal: Dodecký, M.
Formato: Capítulo de libro
Lenguaje:eslovaco
Materias:
Etiquetas: Agregar Etiqueta
Sin Etiquetas, Sea el primero en etiquetar este registro!

MARC

LEADER 00000naa a2200000 4500
001 r002686
005 20220819180705.8
041 0 |a slo 
044 |a [CS] 
245 1 0 |a ASR dopravných činností pre 16-bitové osobné počítače.  |c M. Dodecký 
520 |a Riešenie dopravných činností v systéme ASR v SMZ Hačava. Charakteristika riešenia a popis riešenia programového vybavenia. Štruktúra dopravných činností podniku. Popis riešenia technického vybavenia. Príklad programu železničnej dopravy v PC MUMPS. 
610 2 0 |a systémy riadenia automatizované 
610 2 0 |a počítače osobné 
610 2 0 |a softvér 
610 2 0 |a doprava nákladná 
610 2 0 |a doprava osobná 
610 2 0 |a doprava železničná 
610 2 0 |a doprava cestná 
610 2 0 |a jazyky programovacie 
610 2 0 |a PC MUMPS 
100 1 |a Dodecký, M.